| 000 | 00646nam a2200205Ia 4500 | ||
|---|---|---|---|
| 003 | GCL | ||
| 008 | 140319s9999 xx 000 0 ara d | ||
| 040 |
_aGCL / _cGCL |
||
| 082 | 0 | 4 |
_a338.5 _bا م |
| 100 | 1 | _aاحمد محمد مندور | |
| 245 | 1 | 0 |
_aالمشكلات الاقتصادية للموارد و البيئة / _cاحمد محمد مندور |
| 700 | 1 | _aاحمد رمضان نعمةالله | |
| 300 | _a401 ص | ||
| 490 | _a | ||
| 650 | 0 | 4 | _aالاقتصاد |
| 650 | 0 | 4 | _aالتنمية الاقتصادية |
| 650 | 0 | 4 | _aالموارد الاقتصادية |
| 650 | 0 | 4 | _aالموارد الطبيعية |
| 942 |
_2ddc _cBK |
||
| 999 |
_c41756 _d41756 |
||